Сочинения Н.В. Гоголя. Т. 2 (Запись № 12942480)

Подробности
000 -МАРКЕР
контрольное поле 03258nam2a2200289 4500
001 - ИДЕНТИФИКАТОР ЗАПИСИ
контрольное поле RU\NLR\BIBL_A\012721314
005 - ИДЕНТИФИКАТОР ВЕРСИИ
контрольное поле 20260406065047.0
035 ## - ДРУГИЕ СИСТЕМНЫЕ НОМЕРА
Идентификатор записи (NLR Aleph) 012721314
100 ## - ДАННЫЕ ОБЩЕЙ ОБРАБОТКИ
Данные общей обработки 20220303d1889 |||y0rusy50 ca
101 0# - ЯЗЫК РЕСУРСА
Язык текста, звукозаписи и т.д. русский
102 ## - СТРАНА ПУБЛИКАЦИИ ИЛИ ПРОИЗВОДСТВА
Страна публикации Российская Федерация
105 ## - ПОЛЕ КОДИРОВАННЫХ ДАННЫХ: ТЕКСТОВЫЕ МАТЕРИАЛЫ, МОНОГРАФИЧЕСКИЕ
Кодированные данные о монографическом текстовом документе y zr 000a0
200 0# - ЗАГЛАВИЕ И СВЕДЕНИЯ ОБ ОТВЕТСТВЕННОСТИ
Основное заглавие Т. 2
210 ## - ПУБЛИКАЦИЯ, РАСПРОСТРАНЕНИЕ И ДР.
Дата издания, распространения и т.д. 1889
Место издания, распространения и т.д. Б. м.
215 ## - ФИЗИЧЕСКАЯ ХАРАКТЕРИСТИКА
Специфическое обозначение материала и объем 816 с.
Размеры 23
327 1# - ПРИМЕЧАНИЯ О СОДЕРЖАНИИ
Текст примечания Содерж.: Повести (с. 3-194): Нос ; Портрет (в позднейшей редакции) ; Шинель ; Коляска ; Рим (отрывок) ; Прил.: Отрывки из первоначальных редакций повести Шинель ; Комедии (с. 194-408): Ревизор ; Приложения к комедии "Ревизор" ; Женитьба ; Драматические отрывки и отдельные сцены : (1832 по 1837 год) (с. 409-516). Прил.: Дядька в затруднительном положении : комедия в трех действиях / Джиованни Жиро ; переведена с итальянского под редакциею Н.В. Гоголя (с. 517-564). Примечания редактора и варианты (с. 565-813)
461 #0 - УРОВЕНЬ НАБОРА
Встроенное поле 001v19\rc\1546973
-- 2001#$aСочинения Н.В. Гоголя$vТ. 2
Системный номер (АБИС) связанной записи 5649690
Автор Гоголь, Н. В. (1809-1852)
Место публикации Москва
Дата публикации 1889-1896
Издание Изд. 10-е
Первые сведения об ответственности текст сверен с собственноручными рукописями автора и первоначальными изданиями его произведений Николаем Тихонравовым
Имя издателя, распространителя и т.д. издание Книжн. маг. В. Думнова под фирмою "Наследники бр. Салаевых"
Физическая характеристика 7 т.
Заглавие Сочинения Н.В. Гоголя
Номер тома Т. 2
464 #0 - АНАЛИТИЧЕСКИЙ УРОВЕНЬ
Встроенное поле 2001#$aНос$eповесть$aПортрет$e(в позднейшей редакции)$eповесть$aШинель$eповесть$aШинель$eотрывки из первоначальных редакций повести$aКоляска$eповесть$aРим (отрывок)$eповесть
Заглавие Рим (отрывок)
464 #0 - АНАЛИТИЧЕСКИЙ УРОВЕНЬ
Встроенное поле 2001#$aРевизор$eкомедия$aРевизор$eприложения к комедии$aЖенитьба$eкомедия$aДраматические отрывки и отдельные сцены (1832 по 1837 год)
Заглавие Драматические отрывки и отдельные сцены (1832 по 1837 год)
464 #0 - АНАЛИТИЧЕСКИЙ УРОВЕНЬ
Встроенное поле 1011#$arus$cita
-- 2001#$aДядька в затруднительном положении$eкомедия в трех действиях$fДжиованни Жиро$gпереведена с итальянского под редакциею Н.В. Гоголя
-- 7001#$aЖиро$bДж.$f1776-1834$gДжованни$3RU\NLR\AUTH\7784973
Заглавие Дядька в затруднительном положении
Автор Жиро, Джованни (1776-1834)
702 #1 - ИМЯ ЛИЦА - ВТОРИЧНАЯ ОТВЕТСТВЕННОСТЬ
Код отношения Редактор
-- Комментатор печатного текста
Графика поля Кириллица
Материалы, к которым относится поле rus
Начальный элемент ввода Тихонравов
Часть имени, кроме начального элемента ввода Н. С.
Даты 1832-1893
Расширение инициалов личного имени Николай Саввич
Системный номер авторитетной/нормативной записи 124351
Идентификатор авторитетной/нормативной записи RU\NLR\AUTH\7714681
852 ## - МЕСТОНАХОЖДЕНИЕ И ШИФР ХРАНЕНИЯ
Идентификатор организации NLR
Шифр хранения (Call Number) 51/1227(2)
852 ## - МЕСТОНАХОЖДЕНИЕ И ШИФР ХРАНЕНИЯ
Идентификатор организации NLR
Шифр хранения (Call Number) 18.322.3.1(2)
942 ## - ДОПОЛНИТЕЛЬНЫЕ ЭЛЕМЕНТЫ ЗАПИСИ (АБИС)
Тип экземпляра АБИС Книга
980 ## - КОЛЛЕКЦИЯ
Название коллекции Национальная библиография
Экземпляры
Тип экземпляра Дата поступления Библиотека постоянного хранения Библиотека текущего хранения Место хранения Шифр хранения Штрих-код Статус экземпляра
Книга 03.03.2022 РНБ (Садовая) РНБ (Садовая) Русский книжный фонд -Главное здание, Ленинский читальный зал 51/1227(2) 12721314-10  
Книга 03.03.2022 РНБ (Садовая) РНБ (Садовая) Русский книжный фонд -Главное здание, Ленинский читальный зал 18.322.3.1(2) 12721314-20